| 000 | 00453nam a2200157 a 4500 | ||
|---|---|---|---|
| 005 | 20140414131902.0 | ||
| 008 | 100920s19uu xx 00 eng d | ||
| 050 |
_aFIC _bF25 2004 |
||
| 100 | _aFarshtey, Greg. | ||
| 245 |
_aWeb of the Visorak / _cby Greg Farshtey. |
||
| 260 |
_aNew York : _bScholastic, _cc2004. |
||
| 440 | _aBionicle adventures ; #7 | ||
| 500 | _a"Based on the Lego characters!" | ||
| 650 | _aLEGO toys --Fiction. | ||
| 999 |
_c110691 _d110691 |
||